• 首页
  • 本馆介绍
  • 公告通知
  • 最新文献
  • 馆藏检索
  • 电子资源
  • 读者导购
  • 参考咨询
  • 我的图书馆
  • 登录
  • 详细信息显示
  • 放入我的书架
  • 预约/预借图书
  • 作者相关作品
  • 分类相关作品
  • 丛书相关作品
  • 出版社相关作品

书目信息

  • 表格格式
  • 工作单格式
  • 卡片格式
题名:
中国藏獒
    
 
作者: 唐秀华 编著
分册:  
出版信息: 北京   中国农业出版社  2005
页数: 17,160页
开本: 23cm
丛书名:
单 册:
中图分类: S829.2
科图分类:
主题词: 犬--基本知识 , 犬
电子资源:
ISBN: 7-109-10084-7
000 00716nam0 2200241 450
001 003008509
005 20061105090738.25
010    @a7-109-10084-7@dCNY35.00
100    @a20050919d2005 em y0chiy0110 ea
101 0  @achi
102    @aCN@b110000
105    @aa z 000yy
200 1  @a中国藏獒@9zhong guo zang ao@f唐秀华编著
210    @a北京@c中国农业出版社@d2005
215    @a17,160页@c照片@d23cm
330    @a本书主要介绍了藏獒鉴定的标准、藏獒的标准与认识、藏獒的品系分类、狮形藏獒与虎形藏獒的优缺点等内容。
606 0  @a犬@x基本知识
606 0  @a犬
610 0  @a藏獒
690    @aS829.2@v4
701  0 @a唐秀华@9tang xiu hua@f(1962.9~)@4编著
801  0 @aCN@bNLC@c20061105
905    @a10447@dS829.2@e54
    
    中国藏獒/唐秀华编著.-北京:中国农业出版社,2005
    17,160页:照片;23cm
    
    
    ISBN 7-109-10084-7:CNY35.00
    本书主要介绍了藏獒鉴定的标准、藏獒的标准与认识、藏獒的品系分类、狮形藏獒与虎形藏獒的优缺点等内容。
●
相关链接 在E读中查询图书 在五车中查询图书 在当当中查询图书 在豆瓣中查询图书


正题名:中国藏獒     索取号:S829.2/54         预约/预借

序号 登录号 条形码 馆藏地/架位号 状态 备注
1 0380403   203804035   第二样本阅览室/ [索取号:S829.2/54] 在馆    
2 0380404   203804044   第三借阅区/ [索取号:S829.2/54] 在馆    
3 0380405   203804053   第三借阅区/ [索取号:S829.2/54] 在馆    
4 0380406   203804062   密集书库/ [索取号:S829.2/54] 在馆    
5 0380407   203804071   密集书库/ [索取号:S829.2/54] 在馆    
唐山师范学院图书馆 欢迎您!
大连网信软件有限公司© 版权所有